|
|
|
|
| LEADER |
00000nam0a2200000 4500 |
| 001 |
241123 |
| 005 |
20231101231807.0 |
| 035 |
|
|
|a (RuTPU)RU\TPU\book\262389
|
| 090 |
|
|
|a 241123
|
| 100 |
|
|
|a 20130702d2013 k y0rusy50 ca
|
| 101 |
0 |
|
|a rus
|
| 102 |
|
|
|a RU
|
| 105 |
|
|
|a a dm 001zy
|
| 200 |
1 |
|
|a Установившиеся электромагнитные процессы многофазных вентильных двигателей в штатных и аварийных режимах
|e автореферат диссертации на соискание ученой степени доктора технических наук
|e спец. 05.09.01
|f П. Г. Вигриянов
|g Южно-Уральский государственный университет (ЮУрГУ), Филиал, Кафедра электрооборудования и автоматизации производственных процессов ; науч. конс. С. Г. Воронин
|
| 210 |
|
|
|a Томск
|d 2013
|
| 215 |
|
|
|a 43 с.
|c ил.
|
| 300 |
|
|
|a Защита сост. 28.06.2013 г.
|
| 320 |
|
|
|a Библиогр.: с. 38-43 (55 назв.).
|
| 452 |
|
1 |
|0 (RuTPU)RU\TPU\book\259698
|t Установившиеся электромагнитные процессы многофазных вентильных двигателей в штатных и аварийных режимах
|o автореферат диссертации на соискание ученой степени доктора технических наук
|o спец. 05.09.01
|f П. Г. Вигриянов
|g Южно-Уральский государственный университет (ЮУрГУ), Филиал ; науч. конс. С. Г. Воронин
|c Томск
|d 2013
|a Вигриянов, Павел Георгиевич
|
| 606 |
1 |
|
|a Электродвигатели вентильные
|2 stltpush
|3 (RuTPU)RU\TPU\subj\19885
|9 45050
|
| 610 |
1 |
|
|a структурные схемы
|
| 610 |
1 |
|
|a возможные отказы
|
| 610 |
1 |
|
|a резервирование
|
| 610 |
1 |
|
|a двигатели малой мощности
|
| 610 |
1 |
|
|a математическое описание
|
| 610 |
1 |
|
|a многофазные вентильные двигатели
|
| 610 |
1 |
|
|a установившиеся процессы
|
| 610 |
1 |
|
|a электромагнитные процессы
|
| 610 |
1 |
|
|a установившиеся аврийные режимы
|
| 610 |
1 |
|
|a работоспособность
|
| 610 |
1 |
|
|a энергетические характеристики
|
| 610 |
1 |
|
|a оценка
|
| 610 |
1 |
|
|a анализ
|
| 610 |
1 |
|
|a верификация
|
| 610 |
1 |
|
|a авторефераты диссертаций
|
| 675 |
|
|
|a 621.313.13(04
|v 3
|
| 686 |
|
|
|a 05.09.01
|2 oksvnk
|
| 700 |
|
1 |
|a Вигриянов
|b П. Г.
|g Павел Георгиевич
|
| 702 |
|
1 |
|a Воронин
|b С. Г.
|g Сергей Григорьевич
|4 695
|
| 712 |
0 |
2 |
|a Южно-Уральский государственный университет (ЮУрГУ)
|b Филиал
|b Кафедра электрооборудования и автоматизации производственных процессов
|c (Златоуст)
|2 stltpush
|3 (RuTPU)RU\TPU\col\18818
|
| 801 |
|
1 |
|a RU
|b 63413507
|c 20130702
|
| 801 |
|
2 |
|a RU
|b 63413507
|c 20130903
|g RCR
|
| 942 |
|
|
|c BK
|